| 000 | 00349nam a2200121Ia 4500 | ||
|---|---|---|---|
| 008 | 210430s9999 xx 000 0 und d | ||
| 082 | _a327K268 W | ||
| 100 | _aCharles W.Kegley.jr | ||
| 245 |
_aWorld politics Trend &Transformation _cCharles W.Kegley.jr |
||
| 260 |
_aIslamabad _bNational Book foundation _c1993 |
||
| 300 | _a633p | ||
| 942 |
_cBK _2ddc |
||
| 999 |
_c563426 _d563426 |
||